Estudio de factibilidad técnica y financiera para la implementación de una línea de pasivación con certificación NADCAP en Utitec Medical S.A.
Zapisane w:
| 1. autor: | |
|---|---|
| Kolejni autorzy: | |
| Format: | Książka |
| Język: | Spanish |
| Wydane: |
San José, Costa Rica
2019
|
| Hasła przedmiotowe: | |
| Etykiety: |
Dodaj etykietę
Nie ma etykietki, Dołącz pierwszą etykiete!
|
MARC
| LEADER | 00000nam a22000007a 4500 | ||
|---|---|---|---|
| 003 | 013048 | ||
| 005 | 20230529093344.0 | ||
| 008 | 190516b2019 c a|||| ||m| 00| ||spa d | ||
| 040 | |c cru CEDI | ||
| 100 | |9 16792 |a Xu Ye, Litzy | ||
| 245 | |a Estudio de factibilidad técnica y financiera para la implementación de una línea de pasivación con certificación NADCAP en Utitec Medical S.A. | ||
| 260 | |a San José, Costa Rica |c 2019 | ||
| 500 | |a Proyecto de graduación(licenciatura en ingeniería química)--Universidad de Costa Rica. Facultad de Ingeniería. Escuela de Ingeniería Química | ||
| 501 | |a Director de Proyecto de Graduación: Ing. Lautaro Ramírez Varas, Ph.D. | ||
| 610 | 0 | |9 583 |a Utitec Medical S.A. - PRODUCTOS - EVALUACION | |
| 650 | |x ANALISIS DE MERCADEO |x NORMAS TECNICAS - ANALISIS DE COSTOS | ||
| 700 | |9 463 |a Ramírez Varas, Lautaro, 1981- |d Director del TFG | ||
| 942 | |c CEDI |h TFG 8198 |6 TFG_8198_000000000000000 | ||
| 999 | |c 21690 |d 21690 | ||
